Unsporting Movies Quiz Stats

 Plays Quiz Updated Aug 9, 2016

Challenge
Share
Tweet
Score 0/20 Timer 06:00
2 Plays Today
% Correct
Up
97.4%
Cast Away
94.3%
The Dark Knight
83.2%
Friday the 13th, Part III
78.4%
Suicide Squad
76.3%
Step Brothers
74.5%
The Shining
71.7%
Zombieland
68.2%
Shaun of the Dead
66.3%
Office Space
63.9%
% Correct
Inglourious Basterds
55.5%
Signs
52.8%
Easy Rider
43.1%
The Untouchables
39.6%
The Aristocats
39.4%
Roxanne
32%
Teenage Mutant Ninja Turtles 2
30.3%
The Apartment
25%
The Spy Who Loved Me
18.5%
Adventureland
16.9%

You're not logged in!

Compare scores with friends on all Sporcle quizzes.
OR
Log In

You Might Also Like...

Show Comments

Extras

Top Quizzes Today


Score Distribution

Your Account Isn't Verified!

In order to create a playlist on Sporcle, you need to verify the email address you used during registration. Go to your Sporcle Settings to finish the process.

Report this User

Report this user for behavior that violates our Community Guidelines.

Details: